LOTR: Rulers of Middle-Earth: Kings of Arthedain - Statistics

General Stats
  • This quiz has been taken 26 times
  • The average score is 10 of 15
Answer Stats
Answer % Correct
15 Arvedui The last king of Arthedain. Died in the Icebay of Forochel
100%
7 Argeleb I He was slain in battle with Angmar and Rhudaur.
84%
10 Argeleb II Allowed hobbits to settle the Shire.
84%
8 Arveleg I He drove back Angmar from the Weather Hills. He was later slain in the defense of Amon-Sûl.
79%
12 Arveleg II
79%
14 Araphant
68%
9 Araphor He was eighteen years old when he came to the throne. With aid from Cirdan he repelled the enemy from Fornost and North Downs.
68%
11 Arvegil
68%
1 Amlaith Eldest son of the last King of Arnor.
63%
2 Beleg
63%
6 Malvegil The realm of Angmar arose in the North under the rule of the WItch-King
63%
13 Araval
58%
5 Celebrindor
53%
4 Celepharn
53%
3 Mallor The first of the Hobbits arrive in Eriador.
53%
No matching quizzes found
Score Distribution
Percent of People with Each Score
Percentile by Number Answered
Your Score History
You have not taken this quiz